000 00817nam a2200205Ii 4500
003 JO-AjNU
008 230605s9999||||xx |||||||||||||| ||und||
040 _aJO-AjNU
_bara
_erda
_cJO-AjNU
041 _aara
050 1 4 _aK670.M8378.1986
100 3 _a شفيق ، محمد ,
_eauthor
_914075
245 0 0 _aالتشريعات الاجتماعية - العمالية - الأسرية
250 _a(د،ط)
264 3 1 _aالاسكندرية : المكتب الجامعي الحديث ، 1986
300 _a255ص
336 _atext
_btxt
_2rdacontent
337 _aunmediated
_bn
_2rdamedia
338 _avolume
_bnc
_2rdacarrier
650 4 _aالاسرة -- قوانين وتشريعات -- مصر -- الاسرة في الاسلام -- العمل والعمال -- قوانين وتشريعات -- مصر
_914076
999 _aA3668
_c7236
_d7236